| 000 | 00663nam a2200217Ia 4500 | ||
|---|---|---|---|
| 008 | 160517s9999 xx 000 0 und d | ||
| 050 | _aBF 637.F67 | ||
| 050 | _b.So729 2016 | ||
| 100 | _aSoverano, Christian Bryan. | ||
| 245 | _aSelf-compassion and social connectedness of psychology students of southville international school and colleges/ | ||
| 245 | _cChristian Bryan Soverano. | ||
| 260 | _aLas PiƱas, Philippines : | ||
| 260 | _bSISC, | ||
| 260 | _c2016. | ||
| 300 | _a208 pages : | ||
| 300 | _billustrations ; | ||
| 300 | _c28 cm. | ||
| 500 | _aIncludes bibliographical references and appendices. | ||
| 521 | _aPsychology | ||
| 942 | _cTH | ||
| 999 |
_c293999 _d293999 |
||